Central Library OPAC University of Rajshahi

The production of iron and steel / (Record no. 17138)

MARC details
000 -LEADER
fixed length control field 00806nam a22002412 4500
001 - CONTROL NUMBER
control field 17138
003 - CONTROL NUMBER IDENTIFIER
rucl marc code BD-RjUL
005 - DATE AND TIME OF LATEST TRANSACTION
control field 20211209000108.0
008 - FIXED-LENGTH DATA ELEMENTS--GENERAL INFORMATION
fixed length control field 140216r19661963xxka 001 0 eng d
035 ## - SYSTEM CONTROL NUMBER
System control number (BD-RjUL)17195
040 ## - CATALOGING SOURCE
Original cataloging agency UKM
Transcribing agency UKM
Modifying agency EQO
-- BD-RjUL
Language of cataloging eng
041 ## - LANGUAGE CODE
Language code of text/sound track or separate title eng
082 04 - DEWEY DECIMAL CLASSIFICATION NUMBER
Classification number 669.14
Edition number 18
Author mark and year LOP 1963
100 1# - MAIN ENTRY--PERSONAL NAME
Personal name Long, Francis John.
9 (RLIN) 52867
245 14 - TITLE STATEMENT
Title The production of iron and steel /
Statement of responsibility, etc. Francis John Long
260 ## - PUBLICATION, DISTRIBUTION, ETC. (IMPRINT)
Place of publication, distribution, etc. London :
Name of publisher, distributor, etc. Macmillan; St. Martin's Press,
Date of publication, distribution, etc. c1963 [Reprinted 1966].
300 ## - PHYSICAL DESCRIPTION
Pagination 140 p. :
Illustrations ill. ;
Size 23 cm.
490 1# - SERIES STATEMENT
Series statement 'Students aids to engineering workshops technology; vol. 1'
504 ## - BIBLIOGRAPHY, ETC. NOTE
Bibliography, etc Includes index.
650 ## - SUBJECT ADDED ENTRY--TOPICAL TERM
Topical term or geographic name as entry element Iron industry and trade.
9 (RLIN) 52868
830 #0 - SERIES ADDED ENTRY--UNIFORM TITLE
Uniform title 'Students aids to engineering workshops technology; vol. 1'
942 ## - ADDED ENTRY ELEMENTS (KOHA)
Source of classification or shelving scheme Dewey Decimal Classification
Koha item type Books
Holdings
Lost status Source of classification or shelving scheme Damaged status Not for loan Collection code Permanent Location Current Location Shelving location Date acquired Source of acquisition Cost, normal purchase price Total Checkouts Full call number Date last seen Copy number Koha item type
  Dewey Decimal Classification     Non-fiction Central Library, University of Rajshahi Central Library, University of Rajshahi   08/08/1970 Zitlinger 15.00   669.14 LOP 1966 16/02/2014 C-2 Books